Analysis of influence of heat exchange conditions on the outer surface of the lithium-ion battery to electrolyte temperature under the conditions of high current loads; MATEC Web of Conferences; Vol. 110 : Heat and Mass Transfer in the Thermal Control System of Technical and Technological Energy Equipment (HMTTSC 2017)
| Parent link: | MATEC Web of Conferences Vol. 110 : Heat and Mass Transfer in the Thermal Control System of Technical and Technological Energy Equipment (HMTTSC 2017).— 2017.— [01045, 5 p.] |
|---|---|
| Autor principal: | |
| Autor corporatiu: | |
| Sumari: | Title screen Numerical analysis of thermal conditions of a lithium-ion battery using the software package ANSYS Electric and ANSYS Fluent has been carried out. Time dependence of the electrolyte temperature on the various heat exchange conditions on the outer surface has been obtained. |
| Idioma: | anglès |
| Publicat: |
2017
|
| Matèries: | |
| Accés en línia: | https://doi.org/10.1051/matecconf/201711001045 http://earchive.tpu.ru/handle/11683/42610 |
| Format: | MixedMaterials Electrònic Capítol de llibre |
| KOHA link: | https://koha.lib.tpu.ru/cgi-bin/koha/opac-detail.pl?biblionumber=655354 |
MARC
| LEADER | 00000nla2a2200000 4500 | ||
|---|---|---|---|
| 001 | 655354 | ||
| 005 | 20231101134852.0 | ||
| 035 | |a (RuTPU)RU\TPU\network\21434 | ||
| 035 | |a RU\TPU\network\21426 | ||
| 090 | |a 655354 | ||
| 100 | |a 20170830a2017 k y0engy50 ba | ||
| 101 | 0 | |a eng | |
| 105 | |a y z 100zy | ||
| 135 | |a drcn ---uucaa | ||
| 181 | 0 | |a i | |
| 182 | 0 | |a b | |
| 200 | 1 | |a Analysis of influence of heat exchange conditions on the outer surface of the lithium-ion battery to electrolyte temperature under the conditions of high current loads |f A. S. Krasnoshlykov | |
| 203 | |a Text |c electronic | ||
| 300 | |a Title screen | ||
| 320 | |a [References: 8 tit.] | ||
| 330 | |a Numerical analysis of thermal conditions of a lithium-ion battery using the software package ANSYS Electric and ANSYS Fluent has been carried out. Time dependence of the electrolyte temperature on the various heat exchange conditions on the outer surface has been obtained. | ||
| 461 | 0 | |0 (RuTPU)RU\TPU\network\4526 |t MATEC Web of Conferences | |
| 463 | 0 | |0 (RuTPU)RU\TPU\network\21033 |t Vol. 110 : Heat and Mass Transfer in the Thermal Control System of Technical and Technological Energy Equipment (HMTTSC 2017) |o International Youth Scientific Conference, April 26-28, 2017, Tomsk, Russia |o [proceedings] |f National Research Tomsk Polytechnic University (TPU) ; eds. G. V. Kuznetsov ; A. O. Zhdanova |v [01045, 5 p.] |d 2017 | |
| 610 | 1 | |a электронный ресурс | |
| 610 | 1 | |a труды учёных ТПУ | |
| 610 | 1 | |a теплообмен | |
| 610 | 1 | |a внешние поверхности | |
| 610 | 1 | |a электролиты | |
| 610 | 1 | |a токовые нагрузки | |
| 610 | 1 | |a численный анализ | |
| 610 | 1 | |a ANSYS Fluent | |
| 610 | 1 | |a литий-ионные аккумуляторы | |
| 700 | 1 | |a Krasnoshlykov |b A. S. |c specialist in the field of thermal engineering |c engineer of Tomsk Polytechnic University |f 1988- |g Aleksandr Sergeevich |2 stltpush |3 (RuTPU)RU\TPU\pers\34156 | |
| 712 | 0 | 2 | |a Национальный исследовательский Томский политехнический университет (ТПУ) |b Энергетический институт (ЭНИН) |b Кафедра теоретической и промышленной теплотехники (ТПТ) |h 117 |2 stltpush |3 (RuTPU)RU\TPU\col\18679 |
| 801 | 2 | |a RU |b 63413507 |c 20180426 |g RCR | |
| 856 | 4 | |u https://doi.org/10.1051/matecconf/201711001045 | |
| 856 | 4 | |u http://earchive.tpu.ru/handle/11683/42610 | |
| 942 | |c CF | ||